BSOP header

False images : (Record no. 48144)

MARC details
000 -LEADER
fixed length control field 00968nam a22003497a 4500
003 - CONTROL NUMBER IDENTIFIER
control field IeDuTC
005 - DATE AND TIME OF LATEST TRANSACTION
control field 20190930110934.0
008 - FIXED-LENGTH DATA ELEMENTS--GENERAL INFORMATION
fixed length control field 911015s1991 enk 000 0 eng
015 ## - NATIONAL BIBLIOGRAPHY NUMBER
National bibliography number GB91-44682
016 00 - NATIONAL BIBLIOGRAPHIC AGENCY CONTROL NUMBER
Record control number 100=NOTNAL
020 ## - INTERNATIONAL STANDARD BOOK NUMBER
International Standard Book Number 0860659542 (pbk) :
Terms of availability �5.99
035 00 - SYSTEM CONTROL NUMBER
System control number 1220205
040 ## - CATALOGING SOURCE
Original cataloging agency Uk
Modifying agency IeDuTC
100 1# - MAIN ENTRY--PERSONAL NAME
Personal name Williams, Nigel.
245 10 - TITLE STATEMENT
Title False images :
Remainder of title telling the truth about pornography /
Statement of responsibility, etc Nigel Williams.
260 ## - PUBLICATION, DISTRIBUTION, ETC. (IMPRINT)
Place of publication, distribution, etc Eastbourne :
Name of publisher, distributor, etc Kingsway,
Date of publication, distribution, etc 1991.
300 ## - PHYSICAL DESCRIPTION
Extent 128 p. ;
Other physical details 24 cm.
336 ## - CONTENT TYPE
Content Type Term text
337 ## - MEDIA TYPE
Media Type Term unmediated
338 ## - CARRIER TYPE
Carrier Type Term volume
440 ## - SERIES STATEMENT/ADDED ENTRY--TITLE
Title The care series.
650 #0 - SUBJECT ADDED ENTRY--TOPICAL TERM
Topical term or geographic name as entry element Pornography
General subdivision Moral and religious aspects
-- Christianity.
650 #0 - SUBJECT ADDED ENTRY--TOPICAL TERM
Topical term or geographic name as entry element Pornography.
650 #0 - SUBJECT ADDED ENTRY--TOPICAL TERM
Topical term or geographic name as entry element Literature, Immoral.
650 #0 - SUBJECT ADDED ENTRY--TOPICAL TERM
Topical term or geographic name as entry element Child in pornography.
650 #0 - SUBJECT ADDED ENTRY--TOPICAL TERM
Topical term or geographic name as entry element Obscenity (Law).
650 #0 - SUBJECT ADDED ENTRY--TOPICAL TERM
Topical term or geographic name as entry element Sexual ethics.
653 1# - INDEX TERM--UNCONTROLLED
Uncontrolled term Pornography.
700 ## - ADDED ENTRY--PERSONAL NAME
Personal name Alison, Michael.
830 #4 - SERIES ADDED ENTRY--UNIFORM TITLE
Uniform title The Care series.
942 ## - ADDED ENTRY ELEMENTS (KOHA)
Source of classification or shelving scheme Library of Congress Classification
Item type Books
Holdings
Withdrawn status Lost status Source of classification or shelving scheme Damaged status Not for loan Home library Current library Shelving location Date acquired Inventory number Total Checkouts Full call number Barcode Date last seen Price effective from Koha item type
    Library of Congress Classification     BSOP Library BSOP Library GC 09/30/2019 15182   HQ471 W67 00020240 09/30/2019 09/30/2019 Books
BSOP

Biblical Seminary of the Philippines
  All rights Reserved
  © 2024

CONTACT INFORMATION

Biblical Seminary of the Philippines,
  77-B Karuhatan Road, Valenzuela City,
  PHILIPPINES 1441
  Phone: +632 8292-6795 / 8292-6798
  Fax : +632 8292-6675
  Email: library@bsop.edu.ph